000 00449nam a22001697a 4500
003 NUST - PNEC
005 20170116181142.0
008 151008b xxu||||| |||| 00| 0 eng d
020 _a070850275
040 _cLIBRARY
082 _a660.2 BAD
100 _914732
_aBadger L Walter
245 _aIntroduction To Chemical Engineering
_cWalter, L Badger
260 _cc 1995
650 _914734
_aChemical Engineering
_xGeneral
942 _2ddc
_cBK
999 _c70529
_d70529